000 01054cam a22002653a 4500
001 18736
003 PGUSA
005 20140828083410.0
008 060702s2006||||xxu|||||s|||||000 | eng d
040 _aPGUSA
_beng
042 _adc
050 4 _aE011
100 1 _aStevenson, James,
_d1840-1888
245 1 0 _aIllustrated Catalogue Of The Collections Obtained From The Indians Of New Mexico And Arizona In 1879 :
_bSecond Annual Report of the Bureau of Ethnology to the Secretary of the Smithsonian Institution, 1880-81, Government Printing Office, Washington, 1883, pages 307-428
_h[electronic resource] /
_cJames Stevenson
260 _bProject Gutenberg,
_c2006
506 _aPublic domain in the USA.
516 _aElectronic text
653 _aIndians of North America -- New Mexico
653 _aIndian pottery -- North America
653 _aIndians of North America -- Arizona
653 _aIndians of North America -- Industries
830 0 _aProject Gutenberg
_v18736
856 4 0 _uhttp://www.gutenberg.org/ebooks/18736
942 _cEB
999 _c247991
_d247991